Iniciacin̤, interrupcin̤ y cm̤puto del plazo de prescripcin̤ de los tributos

Detalles Bibliográficos
Autor principal: Garca̕ Novoa, Cšar
Formato: eBook
Lenguaje:español
Publicado: Madrid: Marcial Pons, 2011
Materias:
Acceso en línea:Acceso restringido

MARC

LEADER 00000nam a22000007a 4500
005 20180313214631.0
007 cr|||| ||||
008 180313s2011 es |||||s|||| 00||0 spa d
020 |a 978-84-9123-352-7 
035 |a 21056 
040 |a vLex 
090 |c 7472  |d 7472 
100 1 |a Garca̕ Novoa, Cšar 
245 1 0 |a Iniciacin̤, interrupcin̤ y cm̤puto del plazo de prescripcin̤ de los tributos  |h [Recurso electrn̤ico] /  |c Cšar Garca̕ Novoa 
256 |a Servicio en ln̕ea 
260 |a Madrid:  |b Marcial Pons,  |c 2011 
300 |a 1 recurso electrn̤ico 
500 |a El presente libro, del que es autor Cšar Garca̕ Novoa, catedrt̀ico de la Universidad de Santiago de Compostela, aborda el estudio de la prescripcin̤ de la obligacin̤ tributaria desde una perspectiva eminentemente prc̀tica. Junto con diversas precisiones en cuanto a su m̀bito objetivo y subjetivo, y una aproximacin̤ a las diferencias de la prescripcin̤ con la caducidad, la obra se centra, en primer lugar, en el inicio de la contabilizacin̤ del plazo de prescripcin̤. A continuacin̤, se hace un extenso y pormenorizado anl̀isis del fenm̤eno de la interrupcin̤, como elemento definidor de la figura de la prescripcin̤. La obra culmina con un capt̕ulo destinado a diseccionar diversos supuestos especiales de cm̤puto de la prescripcin̤, incluyendo desde las deudas incursas en procesos concursales hasta las actuaciones derivadas de la retroaccin̤ de actuaciones o la prescripcin̤ tributaria en relacin̤ con la prescripcin̤ de Delitos contra la Hacienda Pb︢lica. Una obra completa y sistemt̀ica, que se sumerge, con una perspectiva nueva y rigurosa, en la regulacin̤ de una de las categora̕s clave del rǧimen de la obligacin̤ tributaria. 
506 1 |a Disponible solo en los productos indicados  |d vLex Global  |d vLex Global (Academic Edition, excluding Law Schools)  |d vLex Global (U.S. Academic Edition, Law Schools)  |d vLex Global (U.S. Academic Edition, excluding Law Schools)  |d vLex Global (Academic Edition, Law Schools) 
650 0 4 |a Derecho Fiscal  |z Espaą 
650 0 4 |a Derecho Tributario  |z Espaą 
650 0 4 |a Financiero  |z Espaą 
740 0 |a vLex Libros (Servicio en ln̕ea) 
856 4 0 |u http://vlex.com/source/iniciacion-interrupcion-y-computo-del-plazo-de-prescripcion-de-los-tributos-21056  |z Acceso restringido 
942 |c BOOK 
999 |a Tax Law 
999 |a Tax Law 
999 |a Financial